|
|
|
|
| LEADER |
00000nam0a2200000 4500 |
| 001 |
361868 |
| 005 |
20231102011431.0 |
| 035 |
|
|
|a (RuTPU)RU\TPU\retro\19214
|
| 090 |
|
|
|a 361868
|
| 100 |
|
|
|a 20210706d1963 km y0rusy50 ca
|
| 101 |
0 |
|
|a rus
|
| 102 |
|
|
|a UA
|
| 105 |
|
|
|a a z 001zy
|
| 200 |
1 |
|
|a Конструктивная и облицовочная керамика
|f Научно-исследовательский институт стройматериалов ; под ред. А. В. Жукова
|
| 210 |
|
|
|a Киев
|c Гослитиздат по строительству и архитектуре УССР
|d 1963
|
| 215 |
|
|
|a 76 с.
|c ил.
|
| 320 |
|
|
|a Библиогр. в конце ст.
|
| 606 |
1 |
|
|a Керамика конструкционная
|2 stltpush
|3 (RuTPU)RU\TPU\subj\73921
|9 86604
|
| 606 |
1 |
|
|a Керамика облицовочная
|x Производство
|x Автоматизация и механизация
|2 stltpush
|3 (RuTPU)RU\TPU\subj\34854
|9 56697
|
| 610 |
1 |
|
|a панели
|
| 610 |
1 |
|
|a керамические изделия
|
| 610 |
1 |
|
|a керамические камни
|
| 610 |
1 |
|
|a мозаичные плитки
|
| 610 |
1 |
|
|a глазури
|
| 610 |
1 |
|
|a клинкер
|
| 610 |
1 |
|
|a сырье
|
| 675 |
|
|
|a 666.3
|v 4
|
| 675 |
|
|
|a 666.64
|v 4
|
| 702 |
|
1 |
|a Жуков
|b А. В.
|4 340
|
| 712 |
0 |
2 |
|a Научно-исследовательский институт стройматериалов
|2 stltpush
|3 (RuTPU)RU\TPU\col\12723
|9 25511
|
| 801 |
|
1 |
|a RU
|b 63413507
|c 20210706
|
| 942 |
|
|
|c BK
|